00679nam a2200229 a 4500001001300000003000900013005001700022008004100039020002300080082001700103100002000120245004700140260003200187300000900219500003500228505001000263650002600273902000800299942000700307952011800314999001700432nice12345678IN_TiNIC20260116013804.0050524s1994 dela grp 000 0 eng  a8170228 c35000a020.954bTAH aTaher, Mohammad aLibrarianship and Library Science in India aDelhibConcept Pub Coc1994 a240p aincludes index and biblioraphy2 aIndex aLibrary Science-India bSRS cBK 001040708StackRoom-aHMIbHMId2007-03-15g350.00l0o020.954 TAHp015324r2007-03-15v350.00w2005-05-24yBK c12509d12509